000 00841cam a22002773a 4500
001 27181
003 PGUSA
005 20140828083604.0
008 081107s2008||||xxu|||||s|||||000 | eng d
040 _aPGUSA
_beng
042 _adc
050 4 _aRM
100 1 _aBirnbaum, Max,
_d1862-
245 1 0 _aProf. Koch's Method to Cure Tuberculosis Popularly Treated
_h[electronic resource] /
_cMax Birnbaum
260 _bProject Gutenberg,
_c2008
506 _aPublic domain in the USA.
516 _aElectronic text
653 _aTuberculosis
653 _aTuberculin
700 1 _aBrendecke, Fr.
_q(Friedrich)
700 1 _aKoch, Robert,
_d1843-1910
740 0 _aProfessor Koch's Method to Cure Tuberculosis Popularly Treated
830 0 _aProject Gutenberg
_v27181
856 4 0 _uhttp://www.gutenberg.org/ebooks/27181
942 _cEB
999 _c256436
_d256436